CBSE QUESTION BANK (PHYSICS-12) (OSWAAL) (Record no. 12197)

MARC details
000 -LEADER
fixed length control field 00264nam a22000977a 4500
008 - FIXED-LENGTH DATA ELEMENTS--GENERAL INFORMATION
fixed length control field 221209b |||||||| |||| 00| 0 eng d
020 ## - INTERNATIONAL STANDARD BOOK NUMBER
International Standard Book Number 9789355955432
100 ## - MAIN ENTRY--PERSONAL NAME
Personal name OSWAAL
9 (RLIN) 7599
245 ## - TITLE STATEMENT
Title CBSE QUESTION BANK (PHYSICS-12) (OSWAAL)
260 ## - PUBLICATION, DISTRIBUTION, ETC. (IMPRINT)
Place of publication, distribution, etc. New Delhi
Name of publisher, distributor, etc. Oswaal
Date of publication, distribution, etc. 2022
Holdings
Withdrawn status Lost status Source of classification or shelving scheme Damaged status Koha normalized classification for sorting Not for loan Home library Current library Date acquired Total Checkouts Total Renewals Full call number Barcode Date last seen Date last checked out Price effective from Koha item type
    Dewey Decimal Classification   OSW_530_000000000000000   Good Samaritan School Library Good Samaritan School Library 12/09/2022 4 1 OSW530 OSW17435 11/29/2023 11/21/2023 12/09/2022 BOOK

Powered by Koha